000 00897cab a2200277 4500
001 WB2922-06
008 090401t1993 xxu||||| |||| 00| 0 eng d
035 _a(Sirsi) u48148
041 _aeng
245 _aCrumbling cliff hotels
260 _c1993
350 _a0
490 _aTimes
_v7 June 1993, 3
490 _aSunday Times
_v6 June 1993, 1.28
490 _aFinancial Times
_v8 June 1993, 6
490 _aIndependent
_v9 June 1993, 5(3)
520 _aReports on the landslip of the cliff under the Holbeck Hall Hotel in Scarborough which caused the collapse of the building. Discusses the implications for that section of coastline and for insurance in the area.
650 _aCLIFFS
650 _aCOASTAL EROSION
650 _aCOASTS
650 _aLANDSLIPS
650 _aSUBSIDENCE
690 _aBUILT ENVIRONMENT-BUILDING PATHOLOGY
942 _n0
948 _c04/03/1997
999 _c30256
_d30256